Textbook on sale of goods and hire purchase / (Record no. 42383)

MARC details
000 -LEADER
fixed length control field 00759nam a22002057a 4500
005 - DATE AND TIME OF LATEST TRANSACTION
control field 20100818121934.0
010 ## - LCCN (DPL NO)
LC control number ENG-100851
020 ## - INTERNATIONAL STANDARD BOOK NUMBER
International Standard Book Number 9788175348639
Terms of availability 195.00
035 ## - SYSTEM CONTROL NUMBER
System control number EN-84384
037 ## - SOURCE OF ACQUISITION
Source of stock number/acquisition DBAD/PUB
082 ## - DEWEY DECIMAL CLASSIFICATION NUMBER
Classification number 346.072
100 ## - MAIN ENTRY--PERSONAL NAME
Personal name Saharay,Madhusudan
245 ## - TITLE STATEMENT
Title Textbook on sale of goods and hire purchase /
Statement of responsibility, etc by Madhusudan Saharay
260 ## - PUBLICATION, DISTRIBUTION, ETC. (IMPRINT)
Place of publication, distribution, etc Delhi
Name of publisher, distributor, etc Universal Law Publishing
Date of publication, distribution, etc 2010
270 ## - ADDRESS
Address C-FF-1A, Dilkhush Industrial Estate G T Karnal Road
City Delhi
Postal code 110033
300 ## - PHYSICAL DESCRIPTION
Extent xxx,197p
Dimensions 24cm(pbk)
500 ## - GENERAL NOTE
General note includes index
942 ## - ADDED ENTRY ELEMENTS (KOHA)
Source of classification or shelving scheme Dewey Decimal Classification
Item type English Books
Classification part 346.072
Call number suffix SAH
Holdings
Withdrawn status Lost status Not for loan Collection code Home library Current library Date acquired Source of acquisition Cost, normal purchase price Full call number Barcode Copy number Cost, replacement price Koha item type
    Not For Loan Non-fiction D.B.Act.Division D.B.Act.Division 18/08/2010 DBAD/PUB 195.00 346.072 SAH EN-84384 1 195.00 English Books

© Delhi Public Library
Hit Counter
free hit counter